Le vere principesse coraggiose /

Può darsi che in più di un'occasione abbiate visto una principessa. Può darsi che non vi siate accorti che lo fosse perché, in quel momento, non indossava la corona. Età di lettura: da 6 anni.

Збережено в:
Бібліографічні деталі
Автор: Brown, Dolores (scrittrice per ragazzi)
Інші автори: Di Filippo, Giulia (Перекладач), Wimmer, Sonja (Ілюстратор)
Формат: Книга
Мова:Італійська мова
Опубліковано: [Madrid] : NubeOcho, 2018
Серія:Egalité
Теги: Додати тег
Немає тегів, Будьте першим, хто поставить тег для цього запису!

MARC

LEADER 00000nam a22000007i 4500
001 IT\ICCU\MOD\1683140
003 ItRI
005 20260115232023.0
008 180521s2018 it |||||| ||||| |||||c
020 |a 9788417123390 
040 |b ita  |c importazione bologna sebina 
041 7 |a ita  |2 ISO-639-2 
082 |a 813.6  |9 NARRATIVA AMERICANA IN LINGUA INGLESE, 2000-  |2 23 
100 1 |a Brown, Dolores  |c  (scrittrice per ragazzi)  |0 IT\ICCU\MODV\666471 
240 1 4 |a The truly brave princesses  |3 IT\ICCU\MOD\1683143  |9 Brown, Dolores <scrittrice per ragazzi> 
245 1 3 |a Le vere principesse coraggiose /  |c Dolores Brown, Sonja Wimmer. 
260 |a [Madrid] :  |b NubeOcho,  |c 2018 
300 |a [38] p. :  |b in gran parte ill. ;  |c 31 cm 
500 |a Traduzione: Giulia di Filippo 
520 |a Può darsi che in più di un'occasione abbiate visto una principessa. Può darsi che non vi siate accorti che lo fosse perché, in quel momento, non indossava la corona. Età di lettura: da 6 anni. 
700 1 |a Di Filippo, Giulia  |0 IT\ICCU\UBOV\442130  |4 trl 
700 1 |a Wimmer, Sonja  |0 IT\ICCU\BCTV\011421  |4 ill 
830 0 |a Egalité  |0 IT\ICCU\UBO\4250291 
942 |2 ddc  |c BK  |n 0 
952 |0 0  |1 0  |4 0  |6 R_813_600000000000000_BRO  |7 0  |9 18981  |a BO  |b BO  |d 2026-01-15  |i 19269  |l 0  |o R 813.6 BRO  |p BO19269  |r 2026-01-15 23:20:23  |w 2026-01-15  |x [Sebina 5] [1 v.]  |y BK  |z 1 v. (2. copia) 
952 |0 0  |1 0  |4 0  |6 R_813_600000000000000_BRO  |7 0  |9 18982  |a BO  |b BO  |d 2026-01-15  |i 19270  |l 0  |o R 813.6 BRO  |p BO19270  |r 2026-01-15 23:20:23  |w 2026-01-15  |x [Sebina 5] [1 v.]  |y BK  |z 1 v. 
999 |c 16135  |d 16135